000 00213 a2200097 4500
001 10455
100 _aLoney, S L
245 _aElements of statics land dynamics
260 _a
_bCambridge
_c
090 _c8080
_d8080
942 _aNUST-CAE
_cM
_c34801
999 _c245528
_d245528